Fundamentals of anatomy and physiology (Record no. 2926)
[ view plain ]
| 000 -LEADER | |
|---|---|
| fixed length control field | 00674nam a22002417a 4500 |
| 003 - CONTROL NUMBER IDENTIFIER | |
| control field | OSt |
| 005 - DATE AND TIME OF LATEST TRANSACTION | |
| control field | 20210727070502.0 |
| 008 - FIXED-LENGTH DATA ELEMENTS--GENERAL INFORMATION | |
| fixed length control field | 210727b ||||| |||| 00| 0 eng d |
| 020 ## - INTERNATIONAL STANDARD BOOK NUMBER | |
| International Standard Book Number | 013736265X |
| 020 ## - INTERNATIONAL STANDARD BOOK NUMBER | |
| International Standard Book Number | 9780137362653 |
| 020 ## - INTERNATIONAL STANDARD BOOK NUMBER | |
| International Standard Book Number | 0137518684 |
| 020 ## - INTERNATIONAL STANDARD BOOK NUMBER | |
| International Standard Book Number | 9780137518685 |
| 020 ## - INTERNATIONAL STANDARD BOOK NUMBER | |
| International Standard Book Number | 0138990719 |
| 040 ## - CATALOGING SOURCE | |
| Transcribing agency | ALUPE UNIVERSITY |
| 050 ## - LIBRARY OF CONGRESS CALL NUMBER | |
| Classification number | QP34.5 |
| Item number | .M46 1997 |
| 100 ## - MAIN ENTRY--PERSONAL NAME | |
| Personal name | Frederic Martini |
| 245 ## - TITLE STATEMENT | |
| Title | Fundamentals of anatomy and physiology |
| 260 ## - PUBLICATION, DISTRIBUTION, ETC. | |
| Place of publication, distribution, etc. | Upper Saddle River, N.J. |
| Name of publisher, distributor, etc. | Prentice Hall |
| Date of publication, distribution, etc. | ©1998. |
| 300 ## - PHYSICAL DESCRIPTION | |
| Extent | 237P |
| 500 ## - GENERAL NOTE | |
| General note | INDEX INCL. |
| 650 ## - SUBJECT ADDED ENTRY--TOPICAL TERM | |
| Topical term or geographic name entry element | Human physiology. Human anatomy. Anatomy. |
| 942 ## - ADDED ENTRY ELEMENTS (KOHA) | |
| Source of classification or shelving scheme | |
| Koha item type | Book |
| Suppress in OPAC | DO |
| Withdrawn status | Lost status | Source of classification or shelving scheme | Damaged status | Not for loan | Permanent Location | Current Location | Shelving location | Date acquired | Source of acquisition | Total Checkouts | Full call number | Barcode | Date last seen | Date last checked out | Price effective from | Koha item type | Public note | Copy number |
|---|---|---|---|---|---|---|---|---|---|---|---|---|---|---|---|---|---|---|
| AU LIBRARY | AU LIBRARY | Open Shelf | 27.07.2021 | Donation from Moi University | 2 | QP34.5 .M46 1997 | 28001952 | 31.05.2024 | 17.05.2024 | 27.07.2021 | Book | DO | ||||||
| AU LIBRARY | AU LIBRARY | Open Shelf | 17.03.2022 | DONATION FROM MOI | QP34.5 .M46 1997 C2 | 28005770 | 17.03.2022 | 17.03.2022 | Book | SM | 2 |